000 00340nam a2200133Ia 4500
008 251229s9999 xx 000 0 und d
020 _a9798189747236
100 _aNAND, PRATIBHA
245 2 _aA TEXTBOOK OF HOSPITAL AND CLINICAL PHARMACY
250 _a21TH
260 _bBIRLA PUBLICATIONS, DELHI
_c2021
300 _a304
942 _cBK
999 _c223747
_d223747